|
|
|
|
| LEADER |
00912nam a2200289 4500 |
| 001 |
DLU090067595 |
| 005 |
##20090420 |
| 040 |
# |
# |
|a DLU
|b eng
|
| 041 |
# |
# |
|a eng
|
| 044 |
# |
# |
|a UK
|
| 100 |
# |
# |
|a Wadhawan, Samir.
|
| 245 |
# |
# |
|a Wheels within wheels : clues to the evolution of the gnas and GNAL loci /
|c Samir Wadhawan, Benjamin Dickins, Anton Nekrutenko.
|
| 653 |
# |
# |
|a Imprinting
|
| 653 |
# |
# |
|a Overlapping reading frames
|
| 653 |
# |
# |
|a Protein-coding regions
|
| 700 |
# |
# |
|a Dickins, Benjamin.
|
| 700 |
# |
# |
|a Nekrutenko, Anton.
|
| 773 |
# |
# |
|t Molecular Biology and Evolution
|g Vol. 25, no. 12 (December 2008), p. 2745-2757
|
| 920 |
# |
# |
|a Phòng Tạp chí -- Trung tâm Thông tin - Thư viện Trường Đại học Đà Lạt
|
| 994 |
# |
# |
|a DLU
|
| 900 |
# |
# |
|a True
|
| 911 |
# |
# |
|a Trương Bảo Trâm Anh
|
| 925 |
# |
# |
|a G
|
| 926 |
# |
# |
|a A
|
| 927 |
# |
# |
|a BB
|
| 980 |
# |
# |
|a Thư viện Trường Đại học Đà Lạt
|